Normal view
MARC view
- Graphics and comics. Friendship. Humorous stories.
Entry Topical Term
001 - CONTROL NUMBER
- control field: 86187
003 - CONTROL NUMBER IDENTIFIER
- control field: OSt
005 - DATE AND TIME OF LATEST TRANSACTION
- control field: 20250327110223.0
008 - FIXED-LENGTH DATA ELEMENTS
- fixed length control field: 250327|| aca||aabn | a|a d
040 ## - CATALOGING SOURCE
- Original cataloging agency: OSt
- Transcribing agency: OSt
150 ## - HEADING--TOPICAL TERM
- Topical term or geographic name as entry element: Graphics and comics. Friendship. Humorous stories.
- Form subdivision: comic strips
670 ## - SOURCE DATA FOUND
- Source citation: Work cat.: (OSt)48742: Brallier's Max. 86186, The last comics on earth:, 2023.